000 00464nam a22001697a 4500
003 BD-ChCU
005 20260514085859.0
008 260514b bg ||||| |||| 00| 0 ben d
040 _cBD-ChCU
082 _a304.2 TUE
100 _aTurk , Jonathan
_922958
245 _aEcosystems , energy ,population ,/
_cJonathan , Turk .
260 _aPhiladelphia :
_bSaunders ,
_cC 1975
300 _axi , 296p.
650 0 _aHuman Ecology .
_922959
942 _2ddc
_cBK
_n0
999 _c112962
_d112962